APEC Schools

The Fabric of the cosmos / (Record no. 8162)

000 -LEADER
fixed length control field nam a22 7a 4500
005 - DATE AND TIME OF LATEST TRANSACTION
control field 20190924062335.0
008 - FIXED-LENGTH DATA ELEMENTS--GENERAL INFORMATION
fixed length control field 190924b xxu||||| |||| 00| 0 eng d
020 ## - IDENTIFIER FOR THE MANIFESTATION
Identifier for the Manifestation 9780375727207
Binding paperback
040 ## - CATALOGING SOURCE
Language of Cataloging eng
Transcribing Agency APEC Schools Library
Description Conventions rda
082 ## - DEWEY DECIMAL CLASSIFICATION NUMBER
Classification number C 523.1
Author's Number G799f 2004
100 ## - CREATOR
Preferred Name of the Person Greene, Brian
245 ## - TITLE AND STATEMENT OF RESPONSIBILITY
Preferred Title Proper The Fabric of the cosmos /
Statement of Responsibility/Parallel Statement of Responsibility Brian Greene
264 ## - PUBLICATION STATEMENT
Place of publication, distribution, etc New York, NY :
Publisher's Name/Parallel Publisher's Name Random House,
Copyright ©2004.
300 ## - PHYSICAL DESCRIPTION
Extent 569 pages ;
336 ## - RDA CONTENT
Source rdacontent
Content Type text
337 ## - RDA MEDIA
Source rdamedia
Media Type unmediated
338 ## - RDA CARRIER
Source rdacarrier
Carrier Type volume
504 ## - BIBLIOGRAPHY, ETC. NOTE
Bibliography, etc Includes index.
650 ## - ADDED SUBJECT ACCESS POINT - TOPICAL TERM
Topical Term Cosmology
Form Subdivision Popular works.
942 ## - ADDED ENTRY ELEMENTS (KOHA)
Source of Classification
Koha Item Type Non Fiction
Holdings
Library Site Location Shelving Location Source of Acquisition Full Classification Number Accession Number Koha Item Type
APEC Marikina Heights Library APEC Marikina Heights Library Circulation Donation C 523.1 G799f 2004 A08-0000252D Non Fiction

Powered by Koha